Raju And Jimmi (Record no. 192559)
[ view plain ]
| 000 -LEADER | |
|---|---|
| fixed length control field | 00498nam a22001937a 4500 |
| 008 - FIXED-LENGTH DATA ELEMENTS--GENERAL INFORMATION | |
| fixed length control field | 220927b ||||| |||| 00| 0 eng d |
| 020 ## - INTERNATIONAL STANDARD BOOK NUMBER | |
| International Standard Book Number | 978-81-237-4538-1 |
| 037 ## - SOURCE OF ACQUISITION | |
| Source of stock number/acquisition | Braille Library |
| 082 ## - DEWEY DECIMAL CLASSIFICATION NUMBER | |
| Classification number | S-PHU |
| 100 ## - MAIN ENTRY--PERSONAL NAME | |
| Personal name | Phukan,Bandita |
| 245 ## - TITLE STATEMENT | |
| Title | Raju And Jimmi |
| 260 ## - PUBLICATION, DISTRIBUTION, ETC. (IMPRINT) | |
| Place of publication, distribution, etc | dehradun |
| Name of publisher, distributor, etc | N.I.V.H. Dehradun |
| 270 ## - ADDRESS | |
| Address | N.I.V.H. Dehradun |
| 300 ## - PHYSICAL DESCRIPTION | |
| Extent | 40 pages |
| Dimensions | 21.1"(L) 13.8"(W) (cms). |
| 490 ## - SERIES STATEMENT | |
| Volume number/sequential designation | 1-4 |
| 700 ## - ADDED ENTRY--PERSONAL NAME | |
| Personal name | Phukan,Bandita |
| 760 ## - MAIN SERIES ENTRY | |
| Edition | 1 |
| 942 ## - ADDED ENTRY ELEMENTS (KOHA) | |
| Source of classification or shelving scheme | Dewey Decimal Classification |
| Item type | Braille-Books-English |
| Edition | 1 |
| Call number prefix | S |
| Call number suffix | PHU |
| Withdrawn status | Lost status | Not for loan | Home library | Current library | Date acquired | Source of acquisition | Cost, normal purchase price | Full call number | Barcode | Koha item type |
|---|---|---|---|---|---|---|---|---|---|---|
| Braille-Library | Braille-Library | 27/09/2022 | Braille-Library | 11.00 | S-PHU | BR-003306 | Braille-Books-English | |||
| Braille-Library | Braille-Library | 27/09/2022 | Braille-Library | 11.00 | S-PHU | BR-003307 | Braille-Books-English | |||
| Braille-Library | Braille-Library | 27/09/2022 | Braille-Library | 11.00 | S-PHU | BR-003308 | Braille-Books-English | |||
| Braille-Library | Braille-Library | 27/09/2022 | Braille-Library | 11.00 | S-PHU | BR-003309 | Braille-Books-English |
